[Event "Porto San Giorgio op 23rd"]
[Site "Porto San Giorgio"]
[Date "2011.08.21"]
[Round "1"]
[White "Madiai, Federico"]
[Black "Piccinini, Samuele"]
[Result "1-0"]
[WhiteElo "2195"]
[BlackElo "1903"]
[PlyCount "57"]
[EventDate "2011.08.21"]
[EventType "swiss"]
[EventRounds "9"]
[EventCountry "ITA"]
[SourceTitle "CBM 144 Extra"]
[Source "ChessBase"]
[SourceDate "2011.10.28"]
[SourceVersion "1"]
[SourceVersionDate "2011.10.28"]
[SourceQuality "1"]

1. d4 d5 2. c4 e6 3. Nf3 Nf6 4. Nc3 Nbd7 5. Bf4 c6 6. e3 Be7 7. Qc2 0-0 8. h3 a6 9. c5 b6 10. b4 a5 11. b5 Bb7 12. Na4 bxc5 13. dxc5 Ne4 14. Ne5 Bf6 15. bxc6 Nxe5 16. cxb7 Ra7 17. Rb1 Qc7 18. c6 Bh4 19. g3 Nf3+ 20. Ke2 e5 21. Kxf3 exf4 22. exf4 Bf6 23. Bd3 Re8 24. Bxe4 dxe4+ 25. Kg2 Ra6 26. b8Q Rxb8 27. Rxb8+ Qxb8 28. c7 Qc8 29. Rb1 1-0

[Event "Mirandola Giovanni Pico 3rd"]
[Site "Mirandola"]
[Date "2010.01.16"]
[Round "2"]
[White "Camerini, Lorenzo"]
[Black "Piccinini, Samuele"]
[Result "1-0"]
[WhiteElo "2066"]
[BlackElo "1900"]
[PlyCount "88"]
[EventDate "2010.01.15"]
[EventType "swiss"]
[EventRounds "5"]
[EventCountry "ITA"]
[SourceTitle "EXT 2024"]
[Source "ChessBase"]
[SourceDate "2023.10.10"]
[SourceVersion "1"]
[SourceVersionDate "2023.10.10"]
[SourceQuality "1"]

1. c4 Nf6 2. g3 c6 3. Nf3 d5 4. b3 Bf5 5. Bg2 e6 6. 0-0 Nbd7 7. Bb2 Be7 8. d3 0-0 9. Nbd2 Qa5 10. a3 Rac8 11. h3 Qc7 12. Nh4 Bg6 13. Nxg6 hxg6 14. Rc1 Qb8 15. Rc2 Ne8 16. Qa1 Bf6 17. Rfc1 Bxb2 18. Qxb2 Nef6 19. b4 Nb6 20. Qb3 Nfd7 21. c5 Na8 22. a4 a6 23. b5 axb5 24. axb5 Nc7 25. b6 Na6 26. d4 Rce8 27. e4 Qd8 28. Qe3 Qf6 29. e5 Qe7 30. Nb3 Ra8 31. Ra2 Nb4 32. Ra5 Rxa5 33. Nxa5 Nb8 34. Qd2 N8a6 35. Rb1 Ra8 36. Bf1 Kf8 37. Ra1 Ke8 38. Ra4 Kd8 39. Qc3 Qd7 40. Qa3 Kc8 41. Nb3 Qd8 42. Qxb4 Nxb4 43. Rxa8+ Kd7 44. Rxd8+ Kxd8 1-0

[Event "EU-ch U16 19th"]
[Site "Fermo"]
[Date "2009.09.07"]
[Round "7"]
[White "Piccinini, Samuele"]
[Black "Gouliaros Antoniadis, Alexandros"]
[Result "1-0"]
[WhiteElo "1908"]
[BlackElo "1858"]
[PlyCount "151"]
[EventDate "2009.08.31"]
[EventType "swiss"]
[EventRounds "9"]
[EventCountry "ITA"]
[SourceTitle "CBM 132 Extra"]
[Source "ChessBase"]
[SourceDate "2009.11.03"]
[SourceVersion "1"]
[SourceVersionDate "2009.11.03"]
[SourceQuality "1"]

1. d4 Nf6 2. c4 c5 3. d5 b5 4. cxb5 a6 5. bxa6 g6 6. Nc3 Bxa6 7. e4 Bxf1 8. Kxf1 d6 9. Nf3 Bg7 10. g3 Nbd7 11. Kg2 0-0 12. h3 Ra6 13. Nd2 Qa8 14. Nc4 Rb8 15. Kh2 Ne8 16. f4 Nc7 17. Re1 Nb5 18. Nxb5 Rxb5 19. a3 Ra4 20. Qc2 Ra6 21. Rb1 Nb6 22. b3 Qb7 23. Re3 Bd4 24. Rd3 f5 25. a4 Nxa4 26. Na3 fxe4 27. Rxd4 cxd4 28. Nxb5 Nc5 29. Nxd4 Qxd5 30. Qc4 Qxc4 31. bxc4 Ra4 32. Kg2 Nd3 33. Be3 Rxc4 34. Kf1 g5 35. fxg5 Ra4 36. Ne2 Ra3 37. Rd1 e5 38. Rb1 d5 39. Rb8+ Kf7 40. Rb7+ Kg6 41. Rb6+ Kf7 42. Rb7+ Kg6 43. Ra7 Rb3 44. h4 Rb1+ 45. Kg2 Re1 46. Ra2 d4 47. Bxd4 exd4 48. Nxd4 e3 49. Re2 Rxe2+ 50. Nxe2 Ne5 51. Nd4 Kh5 52. Kh3 Kg6 53. g4 Nf7 54. Ne6 Ne5 55. Kg3 Nd3 56. h5+ Kf7 57. Nd4 Nf2 58. Nc2 Nd3 59. Nxe3 Kg7 60. Kf3 Nc5 61. Kf4 Kf7 62. Kf5 Nd7 63. Nc4 Nf8 64. Ne5+ Kg7 65. h6+ Kg8 66. Kf6 Kh8 67. g6 Kg8 68. gxh7+ Nxh7+ 69. Kg6 Nf8+ 70. Kh5 Ne6 71. g5 Nf4+ 72. Kg4 Nd5 73. g6 Ne7 74. Kg5 Nxg6 75. Kxg6 Kh8 76. Nf7+ 1-0

[Event "Emilia Romagna Province-ch"]
[Site "Formigine"]
[Date "2007.04.28"]
[Round "1"]
[White "Buriani, Andrea"]
[Black "Piccinini, Samuele"]
[Result "1-0"]
[WhiteElo "2144"]
[BlackElo "1749"]
[PlyCount "67"]
[EventDate "2007.04.28"]
[EventType "swiss"]
[EventRounds "6"]
[EventCountry "ITA"]
[SourceTitle "EXT 2009"]
[Source "ChessBase"]
[SourceDate "2008.11.26"]
[SourceVersion "1"]
[SourceVersionDate "2008.11.26"]
[SourceQuality "1"]

1. d4 d5 2. Nf3 Nf6 3. c4 e6 4. Nc3 Be7 5. Bg5 Nbd7 6. e3 0-0 7. Bd3 a6 8. 0-0 dxc4 9. Bxc4 b5 10. Bd3 Bb7 11. Rc1 Rc8 12. Qe2 c5 13. a3 cxd4 14. exd4 Nd5 15. Nxd5 Bxg5 16. Rxc8 Bxc8 17. Nxg5 Qxg5 18. Qe4 g6 19. Ne3 Nf6 20. Qe5 Qxe5 21. dxe5 Nd7 22. f4 Bb7 23. Rc1 Rc8 24. Rxc8+ Bxc8 25. Kf2 Bb7 26. g3 Nc5 27. Ke2 Nxd3 28. Kxd3 Kf8 29. Kd4 Ke7 30. Kc5 Bc8 31. Kb6 h5 32. Nc2 f6 33. exf6+ Kxf6 34. Kc7 1-0